000 00458cam a2200169u 4500
001 0000005556
005 20170406120818.0
008 811204s1878 nyu 000 0 eng
010 _aunk81047782
035 _9(DLC)unk81047782
040 _aDLC
_cCarP
_dDLC
050 0 0 _aBT972
_b.C6
245 0 4 _aThe communion of saints.
260 _aNew York :
_bA.D.F. Randolph & co.,
_c[c1878]
300 _a114 p. ;
_c13 cm.
908 _a150109
999 _c5346
_d5346